|
|
|
|
| LEADER |
00893ncm a22002532a 4500 |
| 001 |
001137891 |
| 003 |
CZ BrMZK |
| 005 |
20110207082857.0 |
| 007 |
qu |
| 008 |
110207s1948 xr |||||||||||||||||cze d |
| 040 |
|
|
|a BOA001
|b cze
|
| 072 |
|
7 |
|a 784
|x Vokální hudba
|2 Konspekt
|9 9
|
| 100 |
1 |
|
|a Bílek, Karel,
|d 1907-1986
|7 ola200203533
|4 cmp
|
| 245 |
1 |
0 |
|a Mamince k svátku
|h [hudebnina] :
|b mazurka ; Měla jsem milého /
|c slova i hudba Karel Bílek ; instr. Josef Petzný
|
| 260 |
|
|
|a Brno :
|b Karel Bílek,
|c 1948
|
| 300 |
|
|
|a 1 sv. (na volných listech)
|
| 490 |
1 |
|
|a Bilkova dechovka ;
|v č. 25-26
|
| 700 |
1 |
|
|a Petzný, Josef,
|d 1890-1967
|7 ola200204796
|4 arr
|
| 740 |
0 |
2 |
|a Měla jsem milého
|
| 830 |
|
0 |
|a Bílkova dechovka
|
| 910 |
|
|
|a BOA001
|b Mus1-0216.145
|
| 990 |
|
|
|a MU
|
| 991 |
|
|
|b 201102
|
| 996 |
6 |
|
|b 2619354612
|c Mus1-0216.145
|l MZK
|r Sklad / do 1 hodiny
|n 0
|w 001168512
|u 000010
|a 1
|e BOA001
|j MZK50
|s P
|